All Assassin's Creed Video Games - Statistics

General Stats
  • This quiz has been taken 209 times
  • The average score is 13 of 23
Answer Stats
Year Game % Correct
2007 Assassin's Creed
96%
2009 Assassin's Creed II
94%
2010 Assassin's Creed: Brotherhood
90%
2012 Assassin's Creed III
89%
2017 Assassin's Creed Origins
89%
2020 Assassin's Creed Valhalla
89%
2013 Assassin's Creed IV: Black Flag
88%
2018 Assassin's Creed Odyssey
87%
2014 Assassin's Creed Unity
83%
2015 Assassin's Creed Syndicate
79%
2014 Assassin's Creed Rogue
72%
2011 Assassin's Creed: Revelations
71%
2015 Assassin's Creed Chronicles: China
51%
2016 Assassin's Creed Chronicles: India
49%
2016 Assassin's Creed Chronicles: Russia
48%
2012 Assassin's Creed III: Liberation
38%
2014 Assassin's Creed: Freedom Cry
27%
2009 Assassin's Creed: Bloodlines
24%
2008 Assassin's Creed: Altair's Chronicles
19%
2016 Assassin's Creed Identity
13%
2009 Assassin's Creed II: Discovery
13%
2013 Assassin's Creed: Pirates
13%
2018 Assassin's Creed Rebellion
9%
No matching quizzes found
Score Distribution
Percent of People with Each Score
Percentile by Number Answered
Your Score History
You have not taken this quiz